Normal view
MARC view
Entry Personal Name
001 - CONTROL NUMBER
- control field: 56706
003 - CONTROL NUMBER IDENTIFIER
- control field: dpl
005 - DATE AND TIME OF LATEST TRANSACTION
- control field: 20230915131022.0
008 - FIXED-LENGTH DATA ELEMENTS
- fixed length control field: 230915|| aca||aabn | a|a d
040 ## - CATALOGING SOURCE
- Original cataloging agency: dpl
- Transcribing agency: dpl
100 ## - HEADING--PERSONAL NAME
- Personal name: मिश्र, विवेक
670 ## - SOURCE DATA FOUND
- Source citation: Work cat.: (dpl)198194: मिश्र, विवेक, निशां चुनते-चुनते :, 2020
